Experiences with Monetary Reform in Western European Countries with Differing Levels of Development
Guardado en:
| Autor principal: | |
|---|---|
| Formato: | Libro |
| Lenguaje: | inglés |
| Publicado: |
Wien
Institut für Höhere Studien
1994
|
| Edición: | 1. ed. |
| Colección: | Reihe Osteuropa
No. 4 |
| Materias: | |
| Etiquetas: |
Sin Etiquetas, Sea el primero en etiquetar este registro!
|
MARC
| LEADER | 00000nam a2200000 4500 | ||
|---|---|---|---|
| 001 | c005610 | ||
| 005 | 20221214074306.1 | ||
| 041 | 0 | |a eng | |
| 044 | |a AT | ||
| 245 | 1 | 0 | |a Experiences with Monetary Reform in Western European Countries with Differing Levels of Development |c Theresia Theurl |
| 250 | |a 1. ed. | ||
| 264 | 1 | |a Wien |b Institut für Höhere Studien |c 1994 | |
| 300 | |a 30 s. | ||
| 490 | 1 | |a Reihe Osteuropa |v No. 4 | |
| 830 | 0 | |a Reihe Osteuropa |v No. 4 | |
| 610 | 2 | 0 | |a reformy menové |
| 610 | 2 | 0 | |a západná Európa |
| 100 | 1 | |a Theurl, Theresia | |